000 00307nam a22001217a 4500
008 180419b xxu||||| |||| 00| 0 eng d
041 _aeng
080 _a043.3
100 _a0
101 _aSHP-BTH
245 _aNato dhe BE- Përplasje apo bashkëpunim në Fushën e Sigurisë
_cSalihu,E
942 _2udc
_cBK
999 _c45312
_d45312